Регионална библиотека "Любен Каравелов" - Русе

Иван Асен II - цар и самодържец (Запис номер 160541)

MARC детайли
000 -Лидер
Контролно поле с фиксирана дължина 01295nam a2200361 c 4500
003 - Код на организацията, давaща контролен номер
Контролно поле BLK
005 - Дата и час на последна редакция
Контролно поле 20220712141617.0
008 - Елементи от данни с фиксирана дължина
fixed length control field 180410b bul|||||r ||||||| ||bul||
010 ## - Наследен системен номер
LC control number KNG00167763000
040 ## - Източник на каталожния запис
Идентификатор на билиотеката - собственик на записа BLK
041 ## - Код за език
Код за езика на текст/звукозапис или на отделно заглавие Български
Код за езика КДБФ Български
072 #7 - Код за тематичната категория
Код организация bullib
Код за тематична категория К
Текст Краезнание
080 ## - УДК
Текстов определител УДК Българска литература
УДК код - определител по УДК 821.163.2
УДК определител -311.6
УДК - код + определител 821.163.2-311.6
100 1# - Редна дума - Автор
Автор Мантов, Димитър Стефанов
Авторска отговорност първи автор
R(LIN) 379725
139 ## - Редно поле
Редна дума Мантов, Димитър Стефанов
Авторски знак Мант - М 28
245 10 - Сведения за заглавието
Заглавие Иван Асен II - цар и самодържец
Подзаглавни данни Роман
Редно поле (дума) Димитър Стефанов Мантов.
250 ## - Област на изданието
Сведения за изданието 2. прераб. изд.
257 ## - Страна на издаване
Страна на създаване/издаване България
260 ## - Област на издателските данни
Име на издателя, разпространителя и проч. ОФ
Година на издаване 1970
Място на издаване, разпространение и проч. София
300 ## - Физическа характеристика
Страници 296 с.
Размери/Мащаб 25 см
380 ## - Жанр
Жанр Худож. лит.
500 ## - Общи забележки
Забележка 20 000 тир.
600 14 - Име на лице, използвано като предмет
За него / За нея Иван Асен II, цар
9 (RLIN) 305757
650 #4 - Допълнително описание по предмет – тема
Основно описание – тема или топоним Иван Асен ІІ, цар
9 (RLIN) 334910
653 ## - Ключова дума – ненормативна
Ключова дума Иван Асен II
653 ## - Ключова дума – ненормативна
Ключова дума исторически романи
659 ## - Тематичен бюлетин
Тематичен бюлетин К
852 ## - Местоположение
Форматна сигнатура Цб 53137
852 ## - Местоположение
Форматна сигнатура К 821.163.2/М 28 Д
856 4# - Електронен адрес и достъп
Електронен формат pdf - файл
856 4# - Електронен адрес и достъп
Електронен формат pdf - файл
999 ## - СИСТЕМНИ КОНТРОЛНИ НОМЕРА
Koha biblionumber 160541
Koha biblioitemnumber 160541
942 ## - АРТИКУЛИ
Вид на библиотечния материал Книги
Скрит в OPAC Не
Периодичен библиозапис Да
944 ## - СЪЗДАВАНЕ И РЕДАКЦИЯ на ЗАПИСА
Създаване/Редакция Създаване
Дата на регистрацията/редакция 27.11.2014
Статус, дата на статуса 27.11.2014 - от С1,Р / 27.11.2014
Служител, извършил регистрацията/редакцията Нора_Радева
944 ## - СЪЗДАВАНЕ И РЕДАКЦИЯ на ЗАПИСА
Създаване/Редакция Редакция
Дата на регистрацията/редакция 11.09.2017
Статус, дата на статуса 27.11.2014 - от С1,Р / 27.11.2014
Служител, извършил регистрацията/редакцията Вася_Ганчева
999 ## - СИСТЕМНИ КОНТРОЛНИ НОМЕРА
Koha biblioitemnumber 160541
999 ## - СИСТЕМНИ КОНТРОЛНИ НОМЕРА
Koha biblioitemnumber 160541
Наличности
Код за отписване Код за изгубен артикул Източник на класификационната схема Код за повреда Коз за рестрикции Код за отдаване Артикулен № Име на библиотеката - собственик Име на библиотеката, в която се намира в момента Статус (Текущо местоположение) Дата на вписване в системата Местоположение - отдел Цена в лева Инвентарен номер Систематично азбучна сигнатура Баркод Номер на екземпляра Цена в евро Служебна бележка Служебен тип на артикула Бележка за публиката
  Не е изгубен Universal Decimal Classification Не е повреден без рестрикции ползва се в читалня 268371 Регионална библиотека "Любен Каравелов" Русе Регионална библиотека "Любен Каравелов" Русе Хранилище 1970-01-01 Хранилище 1.43 70671 Цб 53137 120000070671 1 0.73 Дост: Dp Вид: Д Дата: 01.01.1970 Книги  
  Не е изгубен Universal Decimal Classification Не е повреден без рестрикции ползва се в читалня 268372 Регионална библиотека "Любен Каравелов" Русе Регионална библиотека "Любен Каравелов" Русе Краезнание 1970-01-01 Краезнание 0.00 630858 К 821.163.2/М 28 Д 120000630858 2 0.00 Вид: Сф Дата: 01.01.1970 Дата инв: 14.11.2017 Бележки инв: К2017 Книги  
Изтеглен Не е изгубен   Не е повреден без рестрикции заемане за дома 268373 Регионална библиотека "Любен Каравелов" Русе Регионална библиотека "Любен Каравелов" Русе   1970-01-01 Заемна - подръчен фонд 1.43 70320 П 886.7-3/М 28 70320 3 0.73 Вид: Сф Дата: 01.01.1970 Книги Отч.N: 18/18 , Дата: 22.03.2018
Изтеглен Не е изгубен   Не е повреден без рестрикции заемане за дома 268374 Регионална библиотека "Любен Каравелов" Русе Регионална библиотека "Любен Каравелов" Русе   1970-01-01 Заемна - подръчен фонд 1.43 70318 П 886.7-3/М 28 70318 4 0.73 Вид: Сф Дата: 01.01.1970 Книги Отч.N: 18/18 , Дата: 22.03.2018
Изтеглен Не е изгубен   Не е повреден без рестрикции заемане за дома 268375 Регионална библиотека "Любен Каравелов" Русе Регионална библиотека "Любен Каравелов" Русе   1970-01-01 Детски отдел 1.43 70337 Д 886.7/М 28 70337 5 0.73 Вид: Сф Дата: 01.01.1970 Дата инв: 04.09.2015 Бележки инв: Д2015 Книги Отч.N: 27/2017 , Дата: 16.08.2017
Vip Innovations Ltd, Rousse, Bulgaria 2025